The art of Japanese management (Record no. 34867)

MARC details
000 -LEADER
fixed length control field 00581nam a2200169 a 4500
008 - FIXED-LENGTH DATA ELEMENTS--GENERAL INFORMATION
fixed length control field 080109s1986 ||||||||||||||||| || u
020 ## - INTERNATIONAL STANDARD BOOK NUMBER
International Standard Book Number 0140091157
050 ## - LIBRARY OF CONGRESS CALL NUMBER
Classification number HD 31 Pas
100 ## - MAIN ENTRY--PERSONAL NAME
Personal name Pascale, Richard Tanner
245 14 - TITLE STATEMENT
Title The art of Japanese management
260 ## - PUBLICATION, DISTRIBUTION, ETC.
Place of publication, distribution, etc. Harmondsworth, (Middlesex)
Name of publisher, distributor, etc. Penguin
Date of publication, distribution, etc. 1986
300 ## - PHYSICAL DESCRIPTION
Extent xv, 221p. : ill.
350 ## - PRICE (NR) (BK AM CF MU VM SE) [OBSOLETE]
Price 0.00
650 #0 - SUBJECT ADDED ENTRY--TOPICAL TERM
Topical term or geographic name entry element MANAGEMENT
650 ## - SUBJECT ADDED ENTRY--TOPICAL TERM
Topical term or geographic name entry element MANAGEMENT--JAPAN
995 ## - RECOMMENDATION 995 [LOCAL, UNIMARC FRANCE]
-- 0.00
-- CBU-MAIN LIBRARY (Kitwe)
-- 1
-- 3.95
-- 1
-- AVAILABLE
-- Main Library Open Access Collection
Holdings
Withdrawn status Lost status Source of classification or shelving scheme Damaged status Not for loan Home library Current library Shelving location Date acquired Total Checkouts Full call number Barcode Date last seen Price effective from Koha item type
          CBU-MAIN LIBRARY, KITWE. CBU-MAIN LIBRARY, KITWE.   11/30/2022   HD 31 Pas 003386 11/30/2022 11/30/2022 MONOGRAPH